000
00339 a2200157 4500
001
72995
020
_a
040
_c
Anchieta - Colégio São Paulo
100
_a
Azevedo, Álvares de
240
1
0
_a
Noite na taverna
_l
por
245
1
0
_a
Noite na taverna
300
_a
112
362
0
_a
0
650
4
_a
Ficção brasileira
942
_c
BK
999
_c
72995
_d
72995